000
00293nam a22001337a 4500
020
_a
978-9-351-03809-2
082
_a
920
_b
VEN/V
100
_a
VENEZIA, MIKE
245
_a
VINCENT VAN GOGH
260
_a
NEW YORK
_b
SCHOLASTIC
300
_a
32
650
_a
BIOGRAPHY
_z
UNITED STATES
942
_c
BK
999
_c
5874
_d
5874